Statistics for States of India Map Quiz

Click here to take the quiz!

General Stats

  • This quiz has been taken 14,652 times
    (11,485 since last reset)
  • The average score is 20 of 36

Answers on the Map

Answers color-coded by a green-red scale on the quiz's map according to % correct below.
 

Answer Stats

Answer% Correct
Delhi
84%
Goa
76%
Jammu and Kashmir
76%
Gujarat
74%
Tamil Nadu
74%
Rajasthan
71%
Uttar Pradesh
71%
Kerala
70%
Punjab
69%
West Bengal
69%
Maharashtra
67%
Andaman and Nicobar Islands
62%
Madhya Pradesh
61%
Karnataka
60%
Sikkim
60%
Himachal Pradesh
58%
Ladakh
58%
Assam
57%
Haryana
57%
Andhra Pradesh
56%
Odisha
56%
Bihar
55%
Telangana
54%
Arunachal Pradesh
52%
Uttarakhand
51%
Chhattisgarh
48%
Jharkhand
48%
Puducherry
46%
Lakshadweep
44%
Daman and Diu/Dadra and Nagar Haveli
43%
Meghalaya
40%
Chandigarh
39%
Nagaland
37%
Manipur
36%
Mizoram
36%
Tripura
36%

Score Distribution

Percentile by Number Answered

Percent of People with Each Score

Your Score History

You have not taken this quiz since the last reset